| 000 | 01115cam a22003491 4500 | ||
|---|---|---|---|
| 001 | 8458 | ||
| 003 | FISKH | ||
| 005 | 20250912155757.0 | ||
| 008 | 850925s1956 nyua j 000 1 eng | ||
| 010 | _a 57000062 | ||
| 020 | _a9780670782253 | ||
| 035 | _a4529491 | ||
| 040 |
_aDLC _beng _cDLC _dDLC |
||
| 050 | 0 | 0 |
_aPZ7.B423 _bMac |
| 082 | 0 | 0 | _a811 |
| 100 | 1 |
_aBemelmans, Ludwig, _d1898-1962. |
|
| 245 | 1 | 0 |
_aMadeline and the bad hat / _cwritten and illustrated by Ludwig Bemelmans. |
| 260 |
_aNew York : _bViking Press _c1956 |
||
| 300 |
_a50 pages : _bcolor illustrations ; _c20 cm |
||
| 336 |
_atext _btxt _2rdacontent |
||
| 337 |
_aunmediated _bn _2rdamedia |
||
| 338 |
_avolume _bnc _2rdacarrier |
||
| 505 | _aR | ||
| 520 | _aWhen the Spanish ambassador moves in next door, Madeline and the rest of the twelve little girls discover that his son is not the best neighbor. | ||
| 521 | 8 |
_a720
_bLexile AD |
|
| 521 | 8 |
_aR
_bRaz-Plus |
|
| 650 | 1 | _aStories in rhyme. | |
| 650 | 1 | _aPicture books. | |
| 906 |
_a7 _bcbc _corignew _du _eocip _f19 _gy-gencatlg |
||
| 942 |
_2ddc _cBK _n0 |
||
| 999 |
_c8458 _d8458 |
||